<?xml version="1.0" encoding="UTF-8"?>
<record
    xmlns:xsi="http://www.w3.org/2001/XMLSchema-instance"
    xsi:schemaLocation="http://www.loc.gov/MARC21/slim http://www.loc.gov/standards/marcxml/schema/MARC21slim.xsd"
    xmlns="http://www.loc.gov/MARC21/slim">

  <leader>00436nam a2200145Ia 4500</leader>
  <controlfield tag="008">230411s9999    xx            000 0 und d</controlfield>
  <datafield tag="020" ind1=" " ind2=" ">
    <subfield code="a">81 8061 856 0</subfield>
  </datafield>
  <datafield tag="041" ind1=" " ind2=" ">
    <subfield code="a">eng</subfield>
  </datafield>
  <datafield tag="082" ind1=" " ind2=" ">
    <subfield code="a">MS/610.73677/VEN/B04263</subfield>
  </datafield>
  <datafield tag="100" ind1=" " ind2=" ">
    <subfield code="a">Venkatesh Vijayalakshmi</subfield>
    <subfield code="9">178194</subfield>
  </datafield>
  <datafield tag="245" ind1=" " ind2=" ">
    <subfield code="a">Medical Surgical Nursing : Solved questions for undergraduate nurses</subfield>
  </datafield>
  <datafield tag="260" ind1=" " ind2=" ">
    <subfield code="b">Jaypee Brothers</subfield>
    <subfield code="a">New Delhi</subfield>
    <subfield code="c">2007</subfield>
  </datafield>
  <datafield tag="300" ind1=" " ind2=" ">
    <subfield code="a">243p</subfield>
  </datafield>
  <datafield tag="999" ind1=" " ind2=" ">
    <subfield code="c">154963</subfield>
    <subfield code="d">154963</subfield>
  </datafield>
  <datafield tag="952" ind1=" " ind2=" ">
    <subfield code="0">0</subfield>
    <subfield code="1">0</subfield>
    <subfield code="4">0</subfield>
    <subfield code="7">0</subfield>
    <subfield code="8">MS</subfield>
    <subfield code="a">BTIN</subfield>
    <subfield code="b">BTIN</subfield>
    <subfield code="d">2007-11-21</subfield>
    <subfield code="e">B.J.Medical Co-oprative College Stores</subfield>
    <subfield code="g">125.00</subfield>
    <subfield code="i">1588</subfield>
    <subfield code="l">0</subfield>
    <subfield code="o">MS 610.73677 VEN B04263</subfield>
    <subfield code="p">BTIN-BK-4263</subfield>
    <subfield code="r">2023-04-11 00:00:00</subfield>
    <subfield code="v">94.00</subfield>
    <subfield code="w">2007-11-21</subfield>
    <subfield code="y">BK</subfield>
    <subfield code="z">B04263</subfield>
  </datafield>
  <datafield tag="952" ind1=" " ind2=" ">
    <subfield code="0">0</subfield>
    <subfield code="1">0</subfield>
    <subfield code="4">0</subfield>
    <subfield code="7">0</subfield>
    <subfield code="8">MS</subfield>
    <subfield code="a">BTIN</subfield>
    <subfield code="b">BTIN</subfield>
    <subfield code="d">2007-11-21</subfield>
    <subfield code="e">B.J.Medical Co-oprative College Stores</subfield>
    <subfield code="g">125.00</subfield>
    <subfield code="i">1588</subfield>
    <subfield code="l">0</subfield>
    <subfield code="o">MS 610.73677 VEN B04264</subfield>
    <subfield code="p">BTIN-BK-4264</subfield>
    <subfield code="r">2023-04-11 00:00:00</subfield>
    <subfield code="v">94.00</subfield>
    <subfield code="w">2007-11-21</subfield>
    <subfield code="y">BK</subfield>
    <subfield code="z">B04264</subfield>
  </datafield>
  <datafield tag="952" ind1=" " ind2=" ">
    <subfield code="0">0</subfield>
    <subfield code="1">0</subfield>
    <subfield code="4">0</subfield>
    <subfield code="7">0</subfield>
    <subfield code="8">MS</subfield>
    <subfield code="a">BTIN</subfield>
    <subfield code="b">BTIN</subfield>
    <subfield code="d">2007-11-21</subfield>
    <subfield code="e">B.J.Medical Co-oprative College Stores</subfield>
    <subfield code="g">125.00</subfield>
    <subfield code="i">1588</subfield>
    <subfield code="l">0</subfield>
    <subfield code="o">MS 610.73677 VEN B04265</subfield>
    <subfield code="p">BTIN-BK-4265</subfield>
    <subfield code="r">2023-04-11 00:00:00</subfield>
    <subfield code="v">94.00</subfield>
    <subfield code="w">2007-11-21</subfield>
    <subfield code="y">BK</subfield>
    <subfield code="z">B04265</subfield>
  </datafield>
  <datafield tag="952" ind1=" " ind2=" ">
    <subfield code="0">0</subfield>
    <subfield code="1">0</subfield>
    <subfield code="4">0</subfield>
    <subfield code="7">0</subfield>
    <subfield code="8">MS</subfield>
    <subfield code="a">BTIN</subfield>
    <subfield code="b">BTIN</subfield>
    <subfield code="d">2007-11-21</subfield>
    <subfield code="e">B.J.Medical Co-oprative College Stores</subfield>
    <subfield code="g">125.00</subfield>
    <subfield code="i">1588</subfield>
    <subfield code="l">0</subfield>
    <subfield code="o">MS 610.73677 VEN B04266</subfield>
    <subfield code="p">BTIN-BK-4266</subfield>
    <subfield code="r">2023-04-11 00:00:00</subfield>
    <subfield code="v">94.00</subfield>
    <subfield code="w">2007-11-21</subfield>
    <subfield code="y">BK</subfield>
    <subfield code="z">B04266</subfield>
  </datafield>
</record>
